[Event "Online Olym Div2 B 2020"]
[Site "chess.com INT"]
[Date "2020.08.15"]
[Round "6.5"]
[Board "2"]
[White "Arunnuntapanich, Tinnakrit"]
[Black "Ftacnik, Lubomir"]
[Result "1/2-1/2"]
[BlackTitle "GM"]
[WhiteElo "2064"]
[BlackElo "2510"]
[WhiteTeam "Thailand"]
[BlackTeam "Slovakia"]
[WhiteFideId "6202039"]
[BlackFideId "14900017"]
[EventDate "2020.08.14"]
[EventType "team"]

1. d4 Nf6 2. c4 g6 3. Nc3 d5 4. cxd5 Nxd5 5. e4 Nxc3 6. bxc3 Bg7 7. Nf3 c5 8.
Be2 O-O 9. O-O b6 10. Bb2 e6 11. Qc2 Bb7 12. Rfd1 Qc7 13. d5 exd5 14. exd5 Nd7
15. c4 Rae8 16. Bxg7 Kxg7 17. a4 a5 18. Rab1 Qd6 19. Bd3 Re7 20. Re1 Rfe8 21.
Rxe7 Rxe7 22. g3 Bc8 23. Qb2+ Qf6 24. Qxf6+ Kxf6 25. Kg2 Kg7 26. Ng5 Ne5 27. Be2
Ba6 28. Rxb6 Bxc4 29. Bxc4 Nxc4 30. Rc6 Re5 31. f4 Rxd5 32. Rc7 Nd6 33. Ne6+ Kf6
34. Nxc5 Rd2+ 35. Kh3 Ra2 36. Rc6 Ke7 37. Ra6 Nc4 38. Ra7+ Kf8 39. Rc7 Ne3 40.
Nd7+ Kg8 41. Ne5 f5 42. Ra7 Rxa4 43. Kh4 Ra2 44. Kg5 Rxh2 45. Rd7 Rb2 46. Ra7
Rg2 47. Kf6 Nd5+ 48. Ke6 Nc3 49. Nd7 Re2+ 50. Ne5 a4 51. Kf6 Ne4+ 52. Ke6 Nxg3
53. Rxa4 Kg7 54. Ra7+ Kh6 55. Kd6 Re4 56. Nf7+ Kh5 57. Ng5 Rxf4 58. Ne6 Rf1 59.
Rxh7+ Kg4 60. Rg7 Rd1+ 61. Kc6 Ne4 62. Rxg6+ Kf3 63. Kc7 Ke3 64. Rh6 Rc1+ 65.
Kb6 f4 66. Nxf4 Kxf4 67. Rh5 Ke3 68. Rd5 Nc3 69. Rh5 Kd4 70. Rh4+ Ne4 71. Kb5
Rc8 72. Rf4 Kd5 73. Rf5+ Kd6 74. Rh5 Nc3+ 75. Kb4 Nd5+ 76. Kb3 Rc1 77. Rg5 Kc5
78. Rg8 Kd4 79. Rg4+ Kd3 80. Rg3+ Ne3 81. Kb4 Kd4 82. Kb5 Rc8 83. Rh3 Nc4 84.
Rh4+ Kd5 85. Rh5+ Ne5 86. Kb4 1/2-1/2

[Event "Online Olym Div2 B 2020"]
[Site "chess.com INT"]
[Date "2020.08.15"]
[Round "6.5"]
[Board "3"]
[White "Cibickova, Zuzana"]
[Black "Atikankhotchasee, Manunthon"]
[Result "1-0"]
[WhiteTitle "WGM"]
[BlackTitle "WFM"]
[WhiteElo "2256"]
[BlackElo "1622"]
[WhiteTeam "Slovakia"]
[BlackTeam "Thailand"]
[WhiteFideId "14905779"]
[BlackFideId "6203191"]
[EventDate "2020.08.14"]
[EventType "team"]

1. e4 c5 2. Nf3 g6 3. d4 cxd4 4. Nxd4 Bg7 5. c4 Nc6 6. Be3 Nf6 7. Nc3 O-O 8. Be2
d6 9. f3 Qb6 10. Qd2 Nxe4 11. Nxc6 Nxd2 12. Nxe7+ Kh8 13. Bxb6 Nxf3+ 14. gxf3
Bxc3+ 15. bxc3 axb6 16. Nd5 Ra3 17. Kd2 Be6 18. Rhb1 Rfa8 19. Rb2 b5 20. Nc7 Rc8
21. Nxe6 fxe6 22. Rxb5 Rc7 23. Rb6 Rd7 24. Kc2 Kg7 25. Kb2 Ra5 26. Rb5 Ra8 27.
Rd1 Kf6 28. Bf1 Ra6 29. Bh3 b6 30. Rd2 Rda7 31. Kb1 Rd7 32. Kc1 Rd8 33. Kd1 e5
34. Ke2 Ke7 35. Rdb2 Rda8 36. Kd3 Rf8 37. Bg2 Rfa8 38. f4 Rf8 39. fxe5 Ke6 40.
exd6 Kxd6 41. Rxb6+ Rxb6 42. Rxb6+ Ke5 43. Rb5+ Kd6 44. Rd5+ Kc7 45. Ke3 Re8+
46. Be4 Rf8 47. a4 Rf1 48. a5 Re1+ 49. Kd4 Ra1 50. Rc5+ Kd7 51. Bb7 Rd1+ 52. Ke3
Rc1 53. Kd2 Ra1 54. a6 Ra2+ 55. Kd3 Rxh2 56. a7 1-0

[Event "Online Olym Div2 B 2020"]
[Site "chess.com INT"]
[Date "2020.08.15"]
[Round "6.5"]
[Board "4"]
[White "Promsirinimit, Pornouma"]
[Black "Maslikova, Veronika"]
[Result "0-1"]
[BlackTitle "WIM"]
[WhiteElo "1559"]
[BlackElo "2230"]
[WhiteTeam "Thailand"]
[BlackTeam "Slovakia"]
[WhiteFideId "6204171"]
[BlackFideId "14904888"]
[EventDate "2020.08.14"]
[EventType "team"]

1. e4 c5 2. Nf3 d6 3. d4 cxd4 4. Nxd4 Nf6 5. Nc3 a6 6. Be2 e6 7. O-O Be7 8. f4
Qc7 9. Be3 O-O 10. f5 e5 11. Nf3 b5 12. a3 Bb7 13. Nd2 Nbd7 14. Bf3 Nb6 15. g4
d5 16. exd5 Nfxd5 17. Nxd5 Nxd5 18. Bf2 Bc5 19. Ne4 Bxf2+ 20. Rxf2 Rfd8 21. Qf1
Nf4 22. f6 g6 23. h4 Qb6 24. h5 Rac8 25. Rc1 Bxe4 26. Bxe4 Qxf6 27. hxg6 hxg6
28. Rh2 Kg7 29. Qf2 Rh8 30. Rxh8 Rxh8 31. Qa7 Ne2+ 32. Kg2 Nxc1 33. Qe3 Qf4 34.
Qxf4 exf4 35. Kf2 Re8 36. Kf3 g5 37. Bb7 a5 38. Bc6 Re3+ 39. Kf2 Re2+ 40. Kf3
Rxc2 41. b4 Rxc6 0-1

[Event "Online Olym Div2 B 2020"]
[Site "chess.com INT"]
[Date "2020.08.15"]
[Round "6.5"]
[Board "5"]
[White "Sahidi, Samir"]
[Black "Laohawirapap, Prin"]
[Result "1-0"]
[WhiteTitle "FM"]
[WhiteElo "2400"]
[BlackElo "1913"]
[WhiteTeam "Slovakia"]
[BlackTeam "Thailand"]
[WhiteFideId "14936372"]
[BlackFideId "6205003"]
[EventDate "2020.08.14"]
[EventType "team"]

1. e4 c5 2. Nf3 Nc6 3. d4 cxd4 4. Nxd4 g6 5. c4 Nf6 6. Nc3 d6 7. Be2 Nxd4 8.
Qxd4 Bg7 9. O-O O-O 10. Rd1 Ng4 11. Qd2 Be6 12. b3 Rc8 13. Bb2 a6 14. Bxg4 Bxg4
15. Re1 b5 16. cxb5 Qa5 17. Rac1 axb5 18. Rc2 Rc5 19. Nd5 Qxd2 20. Nxe7+ Kh8 21.
Bxg7+ Kxg7 22. Rxd2 Re8 23. Nd5 Rxe4 24. Ne3 Re6 25. f3 Rce5 26. Kf2 Bf5 27. g4
Bb1 28. Ng2 Rxe1 29. Nxe1 g5 30. Ng2 Re5 31. a3 Rc5 32. Ne3 Rc3 33. Rb2 Bg6 34.
Nd5 Rc5 35. Rd2 f5 36. gxf5 Bxf5 37. Ne3 Be6 38. Rxd6 Bxb3 39. Kg3 Bf7 40. Rb6
Bg6 41. Ng4 h5 42. Rb7+ Bf7 43. Nf2 Kf6 44. Ne4+ 1-0

[Event "Online Olym Div2 B 2020"]
[Site "chess.com INT"]
[Date "2020.08.15"]
[Round "6.5"]
[Board "6"]
[White "Prommuang, Araya"]
[Black "Slaba, Andrea"]
[Result "0-1"]
[WhiteTitle "WCM"]
[WhiteElo "1400"]
[BlackElo "1969"]
[WhiteTeam "Thailand"]
[BlackTeam "Slovakia"]
[WhiteFideId "6204996"]
[BlackFideId "14940680"]
[EventDate "2020.08.14"]
[EventType "team"]

1. d4 Nf6 2. c4 c5 3. d5 b5 4. cxb5 g6 5. Nc3 a6 6. bxa6 Bxa6 7. e4 Bxf1 8. Kxf1
d6 9. Nge2 Bg7 10. g3 O-O 11. Kg2 Nbd7 12. Re1 Qa5 13. Bd2 Qa6 14. Qc2 Rfb8 15.
Rab1 Ne5 16. f4 Nd3 17. b3 Nxe1+ 18. Bxe1 e6 19. dxe6 fxe6 20. Na4 Ng4 21. Bd2
Qxe2+ 22. Kg1 Qxh2+ 23. Kf1 Qf2# 0-1

[Event "Online Olym Div2 B 2020"]
[Site "chess.com INT"]
[Date "2020.08.16"]
[Round "7.1"]
[Board "1"]
[White "Kulpruethanon, Thanadon"]
[Black "Mastrovasilis, Dimitrios"]
[Result "0-1"]
[WhiteTitle "FM"]
[BlackTitle "GM"]
[WhiteElo "2282"]
[BlackElo "2604"]
[WhiteTeam "Thailand"]
[BlackTeam "Greece"]
[WhiteFideId "6201610"]
[BlackFideId "4202694"]
[EventDate "2020.08.14"]
[EventType "team"]

1. e4 c5 2. Nc3 Nc6 3. Bb5 Nd4 4. Nf3 e6 5. O-O a6 6. Bd3 Nxf3+ 7. Qxf3 Bd6 8.
Qe3 Qc7 9. f4 c4 10. Qg3 g5 11. e5 Bc5+ 12. Kh1 cxd3 13. Qxg5 Kf8 14. cxd3 Be7
15. Qh5 f5 16. d4 b5 17. d5 Bb7 18. d6 Qc6 19. dxe7+ Nxe7 20. Qh3 Rg8 21. Rf2 b4
22. Ne2 Qc2 23. Qb3 Qe4 24. d3 Qxg2+ 25. Rxg2 Bxg2+ 26. Kg1 Bd5+ 27. Kf2 Bxb3
28. axb3 Nd5 29. Ra5 Kf7 30. Bd2 Rac8 31. Nd4 Rg4 32. h3 Rg6 33. Rxa6 Rcg8 34.
Nf3 Rg2+ 35. Kf1 R8g3 36. Ng5+ Rxg5 37. fxg5 Rxd2 0-1

[Event "Online Olym Div2 B 2020"]
[Site "chess.com INT"]
[Date "2020.08.16"]
[Round "7.1"]
[Board "2"]
[White "Halkias, Stelios"]
[Black "Khumnorkaew, Tupfah"]
[Result "1-0"]
[WhiteTitle "GM"]
[WhiteElo "2563"]
[BlackElo "2099"]
[WhiteTeam "Greece"]
[BlackTeam "Thailand"]
[WhiteFideId "4201809"]
[BlackFideId "6202071"]
[EventDate "2020.08.14"]
[EventType "team"]

1. Nf3 Nf6 2. c4 e6 3. g3 d5 4. Bg2 Be7 5. d4 O-O 6. O-O c6 7. Qc2 Nbd7 8. Nbd2
b6 9. b3 Bb7 10. Bb2 Rc8 11. e4 dxe4 12. Nxe4 c5 13. Nxf6+ Nxf6 14. dxc5 Be4 15.
Qc3 Bxc5 16. Rad1 Qe7 17. Ne5 Bxg2 18. Kxg2 Rfd8 19. Qf3 Rd6 20. Rxd6 Bxd6 21.
Rd1 Qc7 22. Ng4 Nxg4 23. Qxg4 Be5 24. Bxe5 Qxe5 25. Rd7 Qa5 26. Qd4 Rf8 27. a4
h6 28. h4 Qb4 29. Qe3 Qa5 30. Qf3 g6 31. Qf4 h5 32. Qd6 Qc3 33. Qd3 Qa5 34. Qd2
Qxd2 35. Rxd2 Ra8 36. Rd7 Kf8 37. Kf3 Kg7 38. Ke4 Kf6 39. f4 Kg7 40. Ke5 a5 41.
Rb7 Rd8 42. Rxb6 Rd3 43. Rb5 Rxg3 44. c5 Rc3 45. Kd6 Kf6 46. c6 Rd3+ 47. Kc7 Ke7
48. Kb8 Rd8+ 49. Kb7 Kd6 50. Rxa5 Re8 51. b4 f6 52. c7 Kd7 53. b5 e5 54. fxe5
fxe5 55. b6 e4 56. Rd5+ Ke6 57. Rd4 1-0

[Event "Online Olym Div2 B 2020"]
[Site "chess.com INT"]
[Date "2020.08.16"]
[Round "7.1"]
[Board "3"]
[White "Atikankhotchasee, Manunthon"]
[Black "Markantonaki, Haritomeni"]
[Result "0-1"]
[WhiteTitle "WFM"]
[BlackTitle "WFM"]
[WhiteElo "1622"]
[BlackElo "2185"]
[WhiteTeam "Thailand"]
[BlackTeam "Greece"]
[WhiteFideId "6203191"]
[BlackFideId "4207050"]
[EventDate "2020.08.14"]
[EventType "team"]

1. e4 c5 2. Nf3 e6 3. d4 cxd4 4. Nxd4 Nc6 5. Bc4 Qc7 6. O-O a6 7. a3 Nf6 8. Nc3
Be7 9. Re1 d6 10. Bf1 O-O 11. g3 Bd7 12. Bg2 Rac8 13. Nce2 Na5 14. c3 b5 15. Nb3
Nc4 16. Ned4 Rfd8 17. Nd2 Be8 18. Nxc4 bxc4 19. Qe2 Rb8 20. Bf1 Rdc8 21. e5 Nd5
22. exd6 Bxd6 23. Bg2 Nb6 24. Qg4 Na4 25. Rb1 Kh8 26. Bg5 Rxb2 27. Qh4 Bf8 28.
Be4 g6 29. Bf6+ Bg7 30. Bxg7+ Kxg7 31. Nf3 Rcb8 32. Rbd1 Nxc3 33. Rd4 Nxe4 34.
Rdxe4 Rb1 35. Kg2 Rxe1 36. Rxe1 Bc6 37. Qd4+ Kg8 38. Qf6 Rb3 39. Re3 Rxe3 40.
fxe3 c3 41. Kh3 Bxf3 42. Qxf3 c2 43. Qa8+ Kg7 44. Qxa6 c1=Q 0-1

[Event "Online Olym Div2 B 2020"]
[Site "chess.com INT"]
[Date "2020.08.16"]
[Round "7.1"]
[Board "4"]
[White "Pavlidou, Ekaterini"]
[Black "Taweesupmun, Chanida"]
[Result "1-0"]
[WhiteTitle "WIM"]
[BlackTitle "WCM"]
[WhiteElo "2170"]
[BlackElo "1604"]
[WhiteTeam "Greece"]
[BlackTeam "Thailand"]
[WhiteFideId "4213262"]
[BlackFideId "6200117"]
[EventDate "2020.08.14"]
[EventType "team"]

1. d4 Nf6 2. c4 e6 3. Nc3 d5 4. cxd5 exd5 5. Bg5 Be7 6. e3 O-O 7. Bd3 Bg4 8. f3
Bh5 9. Nge2 c6 10. Ng3 Bg6 11. O-O Nbd7 12. Rc1 Bxd3 13. Qxd3 h6 14. Bf4 Re8 15.
Nf5 Bf8 16. Rce1 Nh5 17. Bd6 Re6 18. Bxf8 Nxf8 19. g4 Nf6 20. Rf2 Qd7 21. Ne2
Ng6 22. h4 h5 23. g5 Ne8 24. Neg3 Nf4 25. Qf1 Nd6 26. Nxd6 Qxd6 27. exf4 Qxf4
28. Rxe6 fxe6 29. Qh3 Qxd4 30. Qxe6+ Kh8 31. Nf5 Qf4 32. Qg6 Qc7 33. Qxh5+ Kg8
34. g6 1-0

[Event "Online Olym Div2 B 2020"]
[Site "chess.com INT"]
[Date "2020.08.16"]
[Round "7.1"]
[Board "5"]
[White "Laohawirapap, Prin"]
[Black "Alexakis, Dimitris"]
[Result "1-0"]
[BlackTitle "FM"]
[WhiteElo "1913"]
[BlackElo "2450"]
[WhiteTeam "Thailand"]
[BlackTeam "Greece"]
[WhiteFideId "6205003"]
[BlackFideId "4277023"]
[EventDate "2020.08.14"]
[EventType "team"]

1. e4 c5 2. Nc3 e6 3. f4 d5 4. Nf3 Nf6 5. Bb5+ Bd7 6. Bxd7+ Nbxd7 7. d3 Be7 8.
O-O a6 9. f5 d4 10. fxe6 fxe6 11. Ne2 Qb6 12. a3 O-O 13. Qe1 Bd6 14. Qh4 Ne5 15.
Ng5 h6 16. Nxe6 Rf7 17. Nxg7 Ng6 18. Qh3 Bxh2+ 19. Qxh2 Rxg7 20. Bxh6 Ng4 21.
Qh5 Nxh6 22. Qxh6 Qxb2 23. Ng3 Ne7 24. Nh5 Rg6 25. Nf6+ Kf7 26. Qh7+ Ke6 27. Nd5
Rxg2+ 28. Kxg2 Qxc2+ 29. Rf2 Rg8+ 30. Qxg8+ Nxg8 31. Rxc2 1-0

[Event "Online Olym Div2 B 2020"]
[Site "chess.com INT"]
[Date "2020.08.16"]
[Round "7.1"]
[Board "6"]
[White "Tsivelekidou, Evgenia"]
[Black "Chuemsakul, Sarocha"]
[Result "1-0"]
[BlackTitle "WFM"]
[WhiteElo "1993"]
[BlackElo "1668"]
[WhiteTeam "Greece"]
[BlackTeam "Thailand"]
[WhiteFideId "4274830"]
[BlackFideId "6203710"]
[EventDate "2020.08.14"]
[EventType "team"]

1. d4 Nf6 2. c4 c5 3. d5 b5 4. cxb5 a6 5. bxa6 Bxa6 6. Nc3 g6 7. Nf3 Bg7 8. e4
Bxf1 9. Kxf1 d6 10. g3 O-O 11. Kg2 Nbd7 12. a4 Qb6 13. Re1 Ng4 14. Qc2 Nge5 15.
Nd2 Rfb8 16. f4 Ng4 17. h3 Ngf6 18. e5 Ne8 19. Nf3 Nc7 20. Ra3 Qb7 21. Qe4 Nb6
22. Rd1 Re8 23. h4 f5 24. Qd3 Rad8 25. a5 Nd7 26. e6 Nf6 27. a6 Qa7 28. Nb5 Nxb5
29. Qxb5 Rb8 30. Qd3 Rb6 31. h5 Ra8 32. hxg6 hxg6 33. Nh4 Rxa6 34. Rxa6 Qxa6 35.
Qf3 Ng4 36. Nxg6 Nh6 37. Nxe7+ Kh7 38. Rh1 Rf8 39. Qh5 Qd3 40. Qg6+ Kh8 41.
Rxh6+ 1-0

[Event "Online Olym Div2 B 2020"]
[Site "chess.com INT"]
[Date "2020.08.16"]
[Round "7.2"]
[Board "1"]
[White "Handler, Lukas"]
[Black "Gazik, Viktor"]
[Result "0-1"]
[WhiteTitle "IM"]
[BlackTitle "IM"]
[WhiteElo "2422"]
[BlackElo "2502"]
[WhiteTeam "Austria"]
[BlackTeam "Slovakia"]
[WhiteFideId "1609580"]
[BlackFideId "14928752"]
[EventDate "2020.08.14"]
[EventType "team"]

1. d4 Nf6 2. c4 Nc6 3. Nf3 d6 4. Nc3 e5 5. d5 Ne7 6. e4 g6 7. h3 Bg7 8. Be3 Nd7
9. g4 a5 10. Nd2 Nc5 11. Qc2 Bd7 12. f3 f5 13. gxf5 gxf5 14. O-O-O Bf6 15. f4
exf4 16. Bxf4 Ng6 17. Bh6 f4 18. e5 Bxe5 19. Nde4 Nxe4 20. Nxe4 Qe7 21. Bd3
O-O-O 22. Bg5 Qg7 23. Bxd8 Kxd8 24. c5 Ke7 25. h4 f3 26. Rdf1 Rf8 27. Kb1 Bd4
28. c6 bxc6 29. dxc6 Bg4 30. Ng5 Ne5 31. Bxh7 Rb8 32. b3 a4 33. Bf5 axb3 34.
axb3 Bxf5 35. Qxf5 Rxb3+ 36. Kc1 Rc3+ 37. Kd1 Rd3+ 38. Kc2 Rc3+ 39. Kd1 Qg8 40.
Qh7+ Qxh7 41. Nxh7 Be3 42. Rxf3 Nxf3 0-1

[Event "Online Olym Div2 B 2020"]
[Site "chess.com INT"]
[Date "2020.08.16"]
[Round "7.2"]
[Board "2"]
[White "Ftacnik, Lubomir"]
[Black "Kilgus, Georg"]
[Result "1-0"]
[WhiteTitle "GM"]
[BlackTitle "IM"]
[WhiteElo "2510"]
[BlackElo "2461"]
[WhiteTeam "Slovakia"]
[BlackTeam "Austria"]
[WhiteFideId "14900017"]
[BlackFideId "1606212"]
[EventDate "2020.08.14"]
[EventType "team"]

1. Nf3 Nf6 2. c4 e6 3. Nc3 Bb4 4. g3 O-O 5. Bg2 d5 6. a3 Bxc3 7. dxc3 Nbd7 8.
cxd5 exd5 9. O-O Re8 10. Qc2 c6 11. Bf4 Nb6 12. Rad1 Bd7 13. b3 Qc8 14. Rfe1 Bh3
15. Bh1 Bf5 16. Qc1 a5 17. c4 a4 18. c5 Nbd7 19. b4 Be4 20. Bg2 b6 21. cxb6 Nxb6
22. Bg5 Nfd7 23. Bh3 Bxf3 24. exf3 Qb7 25. Be3 Ne5 26. Bg2 Nec4 27. Bd4 Qd7 28.
Qg5 f6 29. Bxf6 Nxa3 30. Bh3 Qf7 31. Bd4 Nac4 32. Be6 Rxe6 33. Rxe6 1-0

[Event "Online Olym Div2 B 2020"]
[Site "chess.com INT"]
[Date "2020.08.16"]
[Round "7.2"]
[Board "3"]
[White "Hapala, Elisabeth"]
[Black "Movsesian, Julia"]
[Result "0-1"]
[WhiteTitle "WFM"]
[BlackTitle "WGM"]
[WhiteElo "2158"]
[BlackElo "2342"]
[WhiteTeam "Austria"]
[BlackTeam "Slovakia"]
[WhiteFideId "1622080"]
[BlackFideId "4139690"]
[EventDate "2020.08.14"]
[EventType "team"]

1. e4 e5 2. Nf3 Nc6 3. Bb5 a6 4. Ba4 Nf6 5. O-O Be7 6. Re1 b5 7. Bb3 O-O 8. h3
d6 9. c3 Na5 10. Bc2 c5 11. d4 Nc6 12. d5 Nb8 13. b3 Nbd7 14. Nbd2 Re8 15. Nf1
Nf8 16. Ng3 Ng6 17. Be3 Bf8 18. Qd2 Bd7 19. a4 Qc7 20. axb5 axb5 21. Qe2 Nf4 22.
Qd2 N6h5 23. Nxh5 Nxh5 24. g4 Nf6 25. Nh4 g6 26. Bh6 Be7 27. Kh1 Nxg4 28. hxg4
Bxh4 29. g5 f6 30. Kg2 Bg4 31. Rxa8 Rxa8 32. Rh1 fxg5 33. Bxg5 Bxg5 34. Qxg5 Bd7
35. Bd1 Rf8 36. Rh6 Bc8 37. Bh5 Qf7 38. f3 Kg7 39. Kg3 Qf4+ 40. Qxf4 exf4+ 41.
Kg2 Kxh6 0-1

[Event "Online Olym Div2 B 2020"]
[Site "chess.com INT"]
[Date "2020.08.16"]
[Round "7.2"]
[Board "4"]
[White "Cibickova, Zuzana"]
[Black "Exler, Veronika"]
[Result "1/2-1/2"]
[WhiteTitle "WGM"]
[BlackTitle "WIM"]
[WhiteElo "2256"]
[BlackElo "2155"]
[WhiteTeam "Slovakia"]
[BlackTeam "Austria"]
[WhiteFideId "14905779"]
[BlackFideId "1620550"]
[EventDate "2020.08.14"]
[EventType "team"]

1. e4 c6 2. d4 d5 3. Nd2 dxe4 4. Nxe4 Bf5 5. Ng3 Bg6 6. h4 h6 7. Nf3 e6 8. Ne5
Bh7 9. Bd3 Bxd3 10. Qxd3 Nf6 11. Ne4 Nxe4 12. Qxe4 Nd7 13. Nxd7 Qxd7 14. Be3 Be7
15. O-O O-O 16. Qg4 Kh8 17. h5 f5 18. Qg3 1/2-1/2

[Event "Online Olym Div2 B 2020"]
[Site "chess.com INT"]
[Date "2020.08.16"]
[Round "7.2"]
[Board "5"]
[White "Blohberger, Felix"]
[Black "Sahidi, Samir"]
[Result "1-0"]
[WhiteTitle "IM"]
[BlackTitle "FM"]
[WhiteElo "2467"]
[BlackElo "2400"]
[WhiteTeam "Austria"]
[BlackTeam "Slovakia"]
[WhiteFideId "1632051"]
[BlackFideId "14936372"]
[EventDate "2020.08.14"]
[EventType "team"]

1. e4 c5 2. Nf3 e6 3. d4 cxd4 4. Nxd4 Nf6 5. Nc3 Nc6 6. Ndb5 d6 7. Bf4 Ne5 8.
Bxe5 dxe5 9. Qxd8+ Kxd8 10. O-O-O+ Bd7 11. Nd6 Bxd6 12. Rxd6 Ke7 13. Rd2 Rac8
14. f3 Rhd8 15. Be2 Bc6 16. Rxd8 Rxd8 17. Rd1 Nd7 18. b4 b6 19. Bb5 Rc8 20. Kb2
f5 21. a4 Nf6 22. Kb3 Bb7 23. Re1 fxe4 24. Nxe4 Bxe4 25. fxe4 Rd8 26. Bd3 Rd4
27. Re3 g5 28. c3 Rd8 29. Kc2 h5 30. Re1 h4 31. a5 bxa5 32. Ra1 axb4 33. Rxa7+
Rd7 34. Rxd7+ Kxd7 35. cxb4 Ng4 36. Kd2 Nxh2 37. Be2 g4 38. Ke3 g3 39. Bb5+ Kd6
40. Be2 Kc6 41. Bc4 Ng4+ 42. Kf3 Nf6 43. Bd3 Nh5 44. Bf1 Nf4 45. Bc4 Kd6 46. Bf1
Kc6 47. Bc4 Kb6 48. Bf1 Nh5 49. Kg4 Nf6+ 50. Kxh4 Nxe4 51. Kg4 Kc6 52. Be2 Kb6
53. Kf3 Nc3 54. Bc4 e4+ 55. Kxg3 Nd1 56. Kf4 Nb2 57. Be2 Na4 58. Kxe4 Nc3+ 59.
Kd3 Nd5 60. g4 Nxb4+ 61. Ke4 Nd5 62. Ke5 Kc7 63. Bc4 Ne3 64. g5 Kd8 65. g6 Ke7
66. Bxe6 Kf8 67. Kf6 Ng4+ 68. Bxg4 Kg8 69. Be6+ Kh8 70. g7+ Kh7 71. g8=Q+ Kh6
72. Qg6# 1-0

[Event "Online Olym Div2 B 2020"]
[Site "chess.com INT"]
[Date "2020.08.16"]
[Round "7.2"]
[Board "6"]
[White "Ferkova, Dominika"]
[Black "Mayrhuber, Nikola"]
[Result "1-0"]
[WhiteTitle "WFM"]
[BlackTitle "WFM"]
[WhiteElo "2111"]
[BlackElo "1991"]
[WhiteTeam "Slovakia"]
[BlackTeam "Austria"]
[WhiteFideId "14933071"]
[BlackFideId "1637819"]
[EventDate "2020.08.14"]
[EventType "team"]

1. d4 e6 2. c4 Nf6 3. Nc3 Bb4 4. e3 O-O 5. Nf3 c5 6. Bd3 d5 7. O-O dxc4 8. Bxc4
cxd4 9. exd4 b6 10. h3 Bb7 11. Be2 Nbd7 12. a3 Bxc3 13. bxc3 Rc8 14. Bb2 Ne4 15.
Rc1 Qe7 16. c4 Ng5 17. Qb3 Rfd8 18. Rfe1 h6 19. Qe3 Nxf3+ 20. Bxf3 Ba6 21. Be2
Qd6 22. Qb3 Qb8 23. Qc3 Nf6 24. Qb3 Nd7 25. Bf3 Rc7 26. d5 Nc5 27. Qc3 f6 28.
dxe6 Re7 29. Bd5 Qf4 30. Qe3 Qd6 31. Bd4 Nb7 32. Qb3 Na5 33. Qb4 Rc7 34. e7+ 1-0

[Event "Online Olym Div2 B 2020"]
[Site "chess.com INT"]
[Date "2020.08.16"]
[Round "7.3"]
[Board "1"]
[White "Rodshtein, Maxim"]
[Black "Lupulescu, Constantin"]
[Result "0-1"]
[WhiteTitle "GM"]
[BlackTitle "GM"]
[WhiteElo "2614"]
[BlackElo "2656"]
[WhiteTeam "Israel"]
[BlackTeam "Romania"]
[WhiteFideId "2806851"]
[BlackFideId "1207822"]
[EventDate "2020.08.14"]
[EventType "team"]

1. d4 d5 2. c4 e6 3. Nc3 a6 4. cxd5 exd5 5. Bf4 Nf6 6. e3 c5 7. Nf3 c4 8. Ne5 b5
9. a3 Bb7 10. Bg5 Be7 11. Bxf6 Bxf6 12. Be2 Nd7 13. f4 O-O 14. Bf3 Nb6 15. O-O
Be7 16. Qc2 f6 17. Ng4 Qd7 18. Ne2 a5 19. Ng3 b4 20. h4 Rfc8 21. h5 b3 22. Qf5
Qxf5 23. Nxf5 Kf7 24. Nf2 c3 25. bxc3 Rxc3 26. a4 Nc4 27. Nd1 Rc2 28. Nxe7 Kxe7
29. Rf2 Nd2 30. Rxd2 Rxd2 31. Ra3 Bc6 32. Rxb3 Ra7 33. Nc3 Rb7 34. Nxd5+ Bxd5
35. Rxb7+ Bxb7 36. Bxb7 Re2 37. e4 Rd2 38. d5 Kd6 39. g4 Re2 40. e5+ fxe5 41.
fxe5+ Kxe5 0-1

[Event "Online Olym Div2 B 2020"]
[Site "chess.com INT"]
[Date "2020.08.16"]
[Round "7.3"]
[Board "2"]
[White "Parligras, Mircea-Emilian"]
[Black "Smirin, Ilia"]
[Result "1/2-1/2"]
[WhiteTitle "GM"]
[BlackTitle "GM"]
[WhiteElo "2591"]
[BlackElo "2612"]
[WhiteTeam "Romania"]
[BlackTeam "Israel"]
[WhiteFideId "1204297"]
[BlackFideId "2801990"]
[EventDate "2020.08.14"]
[EventType "team"]

1. e4 c5 2. Nf3 Nc6 3. c3 Nf6 4. e5 Nd5 5. d4 cxd4 6. cxd4 d6 7. Bc4 e6 8. O-O
Be7 9. Qe2 O-O 10. Rd1 a6 11. a3 b5 12. Bxd5 exd5 13. Nc3 dxe5 14. Nxe5 Nxe5 15.
dxe5 Bb7 16. Be3 Qd7 17. Ne4 Rac8 18. b4 Qc6 19. Rac1 Qg6 20. Bc5 dxe4 21. Bxe7 1/2-1/2

[Event "Online Olym Div2 B 2020"]
[Site "chess.com INT"]
[Date "2020.08.16"]
[Round "7.3"]
[Board "3"]
[White "Shvayger, Yuliya"]
[Black "Bulmaga, Irina"]
[Result "0-1"]
[WhiteTitle "IM"]
[BlackTitle "IM"]
[WhiteElo "2332"]
[BlackElo "2434"]
[WhiteTeam "Israel"]
[BlackTeam "Romania"]
[WhiteFideId "14100126"]
[BlackFideId "13903063"]
[EventDate "2020.08.14"]
[EventType "team"]

1. e4 c5 2. Nf3 d6 3. d4 cxd4 4. Nxd4 Nf6 5. Nc3 a6 6. g3 e5 7. Nde2 Be7 8. Bg2
Nbd7 9. O-O b5 10. Nd5 Nxd5 11. Qxd5 Rb8 12. Be3 O-O 13. Rfd1 Qc7 14. Qd2 Bb7
15. Nc3 b4 16. Nd5 Bxd5 17. exd5 f5 18. Rac1 Nc5 19. c3 b3 20. Bxc5 Qxc5 21.
axb3 Rxb3 22. Qc2 Qb6 23. Rb1 g6 24. Bf1 Rb8 25. Bc4 Rxb2 26. Rxb2 Qxb2 27. Qxb2
Rxb2 28. Bxa6 Bd8 29. Re1 Ba5 30. Re3 Rc2 31. Kg2 Bb6 32. Re2 Rxc3 33. Rb2 Bd4
34. Ra2 e4 35. Re2 Kg7 36. Bb5 Kf6 37. Bd7 h6 38. h4 Rf3 39. Be6 Ke5 40. Bf7 g5
41. hxg5 hxg5 42. Bg6 Kxd5 43. g4 Rxf2+ 44. Rxf2 Bxf2 45. Bxf5 Bd4 46. Kf1 Ke5
47. Ke2 Bc5 48. Bd7 d5 49. Bf5 d4 50. Bd7 d3+ 0-1